000 00537nam a2200193Ia 4500
003 GCL
008 140319s9999 xx 000 0 ara d
040 _aGCL /
_cGCL
082 0 4 _aق
_b962.065
_bج ن
100 1 _aجمال سليم
245 1 0 _aالناصرية الجديدة /
_cجمال سليم
260 _a[S.N] :
_bمكتبة مدبولى ،
_c1987
300 _a166
490 _a
650 0 4 _aالناصرية
650 0 4 _aالاسرة والاصدقاء
650 0 4 _aجمال عبدالناصر
942 _2ddc
_cBK
999 _c57900
_d57900